Vie politique de Recep Tayip Erdoğan - Statistiques

Statistiques générales
  • Ce quiz a été pris 61 fois
  • Le résultat moyen est 8 sur 16
Statistiques - réponses
Indice Réponse % Correct
Parti politique cofondé par Erdoğan AKP
84%
Année de début de mandat en tant que Président de la république 2014
78%
Année de la tentative de coup d'état renforçant sa position 2016
78%
Année de début de mandat en tant que Premier Ministre 2003
71%
Fondation de son parti 2001
59%
À ses débuts, prône l'intégration de la Turquie à... Union Européenne
59%
Organisation armée kurde PKK
57%
Musée reconverti en mosquée en 2020 Hagia Sophia
53%
Evènement majeur nié par le gouvernement turc Génocide arménien
49%
Premier Président de la Turquie à l'origine de l'idéologie en question Mustafa Kemal Atatürk
49%
Ancien soutien d'Erdoğan devenu critique de son gouvernement et exilé aux USA Fethullah Gülen
35%
Fonction obtenue en 1994 Maire d'Istanbul
35%
Idéologie fondatrice de la Turquie, en partie rejetée par Erdoğan, plus conservateur Kémalisme
31%
Traité actant la fin de l'Empire ottoman Traité de Sèvres
29%
Minorités ciblées par des escadrons de la mort liés à la police en 1995 Alévis
22%
Régime instauré en 2017 par Erdoğan Régime présidentiel
18%
Aucun quiz correspondant
Distribution des résultats
% des personnes avec chaque résultat
Percentile par nombre de réponses
Votre historique - résultats
Vous n’avez pas pris ce quiz